| 000 | 00557nam a22001817a 4500 | ||
|---|---|---|---|
| 003 | BUBTL | ||
| 008 | 220209b ||||| |||| 00| 0 eng d | ||
| 082 | _a340.59/ C4595m/ 2016 | ||
| 100 | _aChowdhury, M. Jashim Ali | ||
| 245 |
_aA Text Book on Muslim Personal Law : based on case method / _bM. Jashim Ali Chowdhury |
||
| 250 | _a2nd | ||
| 260 |
_aDhaka _bSufi Prokashoni _cc2016 |
||
| 300 |
_a(31), 573p. : _bill. 21cm |
||
| 650 | 0 | _aLaw | |
| 856 |
_k0 _l0 _yDownload |
||
| 942 |
_2ddc _cBK |
||
| 999 |
_c6658 _d6658 |
||